[Event "BRA-ch 89th"]
[Site "Recife"]
[Date "2023.12.16"]
[Round "5"]
[White "Do Valle Cardoso, Lucas"]
[Black "Patroclo, Arthur Ruiz"]
[Result "1-0"]
[WhiteElo "2352"]
[BlackElo "2101"]
[PlyCount "85"]
[EventDate "2023.12.13"]
[EventType "swiss"]
[EventRounds "11"]
[EventCountry "BRA"]
[SourceTitle "CB52_2023"]
[SourceDate "2023.12.27"]
[SourceVersion "1"]
[SourceVersionDate "2023.12.27"]
[SourceQuality "1"]

1. e4 g6 2. d4 Bg7 3. Nc3 d6 4. Be3 a6 5. Qd2 b5 6. h4 h5 7. f3 Bb7 8. Nh3 Nd7 9. Ng5 Ngf6 10. a4 c6 11. Bd3 e5 12. 0-0 0-0 13. axb5 axb5 14. Ne2 exd4 15. Nxd4 Re8 16. c4 bxc4 17. Bxc4 d5 18. exd5 cxd5 19. Bb5 Qe7 20. Bf2 Rxa1 21. Rxa1 Ra8 22. Rxa8+ Bxa8 23. Qa5 Qf8 24. Qc7 Qb8 25. Qxb8+ Nxb8 26. Kf1 Nbd7 27. b4 Bf8 28. Bc6 Nb6 29. b5 Bc5 30. Bxa8 Nxa8 31. Nc6 Bxf2 32. Kxf2 Kf8 33. Ne5 Nb6 34. Ngxf7 Nfd7 35. Ke3 Ke7 36. Kd4 Nxe5 37. Nxe5 Kf6 38. Nd3 g5 39. Nb4 gxh4 40. Nxd5+ Kf5 41. Nxb6 Kf4 42. Nd5+ Kg3 43. Ne3 1-0

[Event "BRA-ch Universities"]
[Site "Aracaju"]
[Date "2014.11.01"]
[Round "4"]
[White "Franca, Willian Bento"]
[Black "Patroclo, Arthur Ruiz"]
[Result "1/2-1/2"]
[WhiteElo "2002"]
[BlackElo "2095"]
[PlyCount "101"]
[EventDate "2014.10.30"]
[EventType "swiss"]
[EventRounds "7"]
[EventCountry "BRA"]
[SourceTitle "EXT 2018"]
[Source "ChessBase"]
[SourceDate "2017.10.13"]
[SourceVersion "1"]
[SourceVersionDate "2017.10.13"]
[SourceQuality "1"]

1. d4 Nf6 2. c4 g6 3. Nc3 Bg7 4. e4 d6 5. Nf3 0-0 6. Be2 e5 7. 0-0 exd4 8. Nxd4 Re8 9. f3 Nc6 10. Nc2 a6 11. Be3 a5 12. Qd2 Be6 13. Rad1 Nd7 14. Bg5 Qc8 15. Ne3 Nd4 16. Bd3 h6 17. Bf4 Ne5 18. Ned5 Nxd3 19. Qxd3 Kh7 20. Be3 Nc6 21. Nb5 Nb4 22. Qb3 Na6 23. Ndxc7 Nxc7 24. Nxd6 Qb8 25. Nxe8 Nxe8 26. Qc2 Qc7 27. b3 a4 28. Rd2 f5 29. Rfd1 b5 30. c5 axb3 31. axb3 Ra3 32. c6 Rxb3 33. Rd7 Bxd7 34. Rxd7 Qa5 35. Bd2 Qa1+ 36. Kf2 Rb2 37. Qc3 b4 38. Qd4 Qa2 39. exf5 gxf5 40. Kg3 Rc2 41. Qe3 f4+ 42. Kxf4 Qc4+ 43. Kg3 Rxd2 44. Qxd2 Qe6 45. h4 Qg6+ 46. Kh3 b3 47. g4 h5 48. gxh5 Qf5+ 49. Kg3 Nf6 50. Qd3 Nxh5+ 51. Kf2 1/2-1/2

[Event "Santa Maria op"]
[Site "Santa Maria de Jetiba"]
[Date "2013.07.??"]
[Round "5"]
[White "Menna Barreto, Felipe Kubiaki"]
[Black "Patroclo, Arthur Ruiz"]
[Result "1-0"]
[WhiteElo "2277"]
[BlackElo "2119"]
[PlyCount "81"]
[EventDate "2013.07.??"]
[EventType "swiss"]
[EventRounds "7"]
[EventCountry "BRA"]
[SourceTitle "EXT 2022"]
[Source "ChessBase"]
[SourceDate "2021.10.06"]
[SourceVersion "1"]
[SourceVersionDate "2021.10.06"]
[SourceQuality "1"]

1. d4 d5 2. Nf3 Nf6 3. c4 c6 4. Qc2 g6 5. Bf4 Bg7 6. e3 0-0 7. Nc3 Bf5 8. Qb3 b6 9. Be2 Bc8 10. 0-0 Ba6 11. Rac1 Nh5 12. Be5 e6 13. Qa4 Bb7 14. Bxg7 Nxg7 15. Rfd1 Nf5 16. e4 Ne7 17. cxd5 cxd5 18. e5 a6 19. Qc2 Nbc6 20. Qd2 Rc8 21. Bd3 Kg7 22. Qg5 Nf5 23. Qxd8 Nxd8 24. Bxf5 gxf5 25. Na4 b5 26. Nc5 Ra8 27. Nd7 Rh8 28. Rc7 a5 29. Rdc1 Ba6 30. Nc5 b4 31. Ng5 Kg6 32. h4 h6 33. Nh3 Kh5 34. g3 Kg6 35. Nf4+ Kg7 36. Nfxe6+ Nxe6 37. Nxe6+ Kg6 38. Nf4+ Kg7 39. Nxd5 Rhd8 40. Nf4 Rxd4 41. Ne6+ 1-0

[Event "Manaus zt 2.4"]
[Site "Manaus"]
[Date "2013.05.03"]
[Round "9"]
[White "Rezende, Guilherme Vilela"]
[Black "Patroclo, Arthur Ruiz"]
[Result "0-1"]
[WhiteElo "1994"]
[BlackElo "2132"]
[PlyCount "76"]
[EventDate "2013.04.27"]
[EventType "swiss"]
[EventRounds "9"]
[EventCountry "BRA"]
[SourceTitle "CBM 154 Extra"]
[Source "ChessBase"]
[SourceDate "2013.06.25"]
[SourceVersion "2"]
[SourceVersionDate "2013.06.25"]
[SourceQuality "1"]

1. d4 Nf6 2. c4 g6 3. Nf3 Bg7 4. Nc3 0-0 5. e4 d6 6. g3 e5 7. Bg2 Nc6 8. h3 exd4 9. Nxd4 Nxd4 10. Qxd4 Nxe4 11. Qd3 Nxc3 12. bxc3 Qf6 13. 0-0 Qxc3 14. Qxc3 Bxc3 15. Rb1 Rb8 16. Be3 b6 17. c5 Bb7 18. Bxb7 Rxb7 19. cxd6 cxd6 20. Rfd1 Rd7 21. Rd3 Bf6 22. Rbd1 Rfd8 23. Rd5 Kg7 24. a4 Bc3 25. Bd4+ Bxd4 26. R1xd4 Kf6 27. a5 bxa5 28. Rxa5 Ke6 29. Re4+ Kf6 30. Rf4+ Kg7 31. Ra6 d5 32. Rd4 h6 33. Kg2 Kf8 34. Kf3 Ke7 35. Ke3 Rb8 36. Rda4 d4+ 37. Rxd4 Rb3+ 38. Ke4 f5+ 0-1

[Event "Manaus zt 2.4"]
[Site "Manaus"]
[Date "2013.05.02"]
[Round "8"]
[White "Patroclo, Arthur Ruiz"]
[Black "Sztokbant, Bernardo Vainzoff"]
[Result "0-1"]
[WhiteElo "2132"]
[BlackElo "2181"]
[PlyCount "48"]
[EventDate "2013.04.27"]
[EventType "swiss"]
[EventRounds "9"]
[EventCountry "BRA"]
[SourceTitle "CBM 154 Extra"]
[Source "ChessBase"]
[SourceDate "2013.06.25"]
[SourceVersion "2"]
[SourceVersionDate "2013.06.25"]
[SourceQuality "1"]

1. g3 d5 2. Bg2 e5 3. c4 Nf6 4. cxd5 Nxd5 5. Nc3 Nb6 6. Nf3 Nc6 7. 0-0 Be7 8. d3 0-0 9. Be3 Bg4 10. Rc1 Re8 11. Na4 Nd4 12. Re1 Nxf3+ 13. exf3 Bd7 14. Nc5 Bc6 15. d4 exd4 16. Bxd4 Bf8 17. Re3 Qd5 18. Rd3 Qf5 19. Ne4 Rad8 20. Bc3 Rd5 21. Rxd5 Nxd5 22. Bd4 Nb6 23. Qd3 Rd8 24. Rd1 Qd5 0-1

[Event "Manaus zt 2.4"]
[Site "Manaus"]
[Date "2013.05.01"]
[Round "7"]
[White "De Oliveira, Victor Gabriel C"]
[Black "Patroclo, Arthur Ruiz"]
[Result "0-1"]
[WhiteElo "2027"]
[BlackElo "2132"]
[PlyCount "62"]
[EventDate "2013.04.27"]
[EventType "swiss"]
[EventRounds "9"]
[EventCountry "BRA"]
[SourceTitle "CBM 154 Extra"]
[Source "ChessBase"]
[SourceDate "2013.06.25"]
[SourceVersion "2"]
[SourceVersionDate "2013.06.25"]
[SourceQuality "1"]

1. d4 Nf6 2. c4 e6 3. Nf3 b6 4. e3 Bb7 5. Bd3 Be7 6. 0-0 d6 7. Nbd2 Nbd7 8. b3 c5 9. Bb2 0-0 10. Re1 Rc8 11. Rc1 Qc7 12. Bb1 Rfd8 13. e4 cxd4 14. Nxd4 a6 15. Qe2 Qb8 16. f4 e5 17. Nf5 Bf8 18. g4 g6 19. h4 gxf5 20. exf5 exf4 21. g5 Re8 22. Qd3 Re3 23. Rxe3 fxe3 24. gxf6 exd2 25. Qxd2 d5 26. Rc3 Bc5+ 27. Kf1 Kh8 28. b4 Bxb4 29. Qh6 Rg8 30. Re3 Bf8 31. Qh5 Qh2 0-1

[Event "Manaus zt 2.4"]
[Site "Manaus"]
[Date "2013.04.30"]
[Round "5"]
[White "Da Silva, Mikhail Zoltan Iwan"]
[Black "Patroclo, Arthur Ruiz"]
[Result "0-1"]
[WhiteElo "1998"]
[BlackElo "2132"]
[PlyCount "27"]
[EventDate "2013.04.27"]
[EventType "swiss"]
[EventRounds "9"]
[EventCountry "BRA"]
[SourceTitle "CBM 154 Extra"]
[Source "ChessBase"]
[SourceDate "2013.06.25"]
[SourceVersion "2"]
[SourceVersionDate "2013.06.25"]
[SourceQuality "1"]

1. e4 c5 2. Nc3 g6 3. g3 Bg7 4. Bg2 Nc6 5. Nge2 Rb8 6. 0-0 e6 7. a4 Nge7 8. d3 0-0 9. Rb1 a6 10. Be3 Ne5 11. b4 d6 12. Qd2 Bd7 13. b5 Qe8 14. d4 0-1

[Event "BRA-chT U26"]
[Site "Foz do Iguacu"]
[Date "2012.10.21"]
[Round "7"]
[White "Martins, Vinicius Tine"]
[Black "Patroclo, Arthur Ruiz"]
[Result "1-0"]
[WhiteElo "2363"]
[BlackElo "2155"]
[PlyCount "77"]
[EventDate "2012.10.18"]
[EventType "team-swiss"]
[EventRounds "7"]
[EventCountry "BRA"]
[SourceTitle "EXT 2013"]
[Source "ChessBase"]
[SourceDate "2012.11.22"]
[SourceVersion "1"]
[SourceVersionDate "2012.11.22"]
[SourceQuality "1"]

1. e4 c5 2. Nf3 d6 3. Bb5+ Nd7 4. 0-0 Ngf6 5. Re1 e6 6. c3 a6 7. Ba4 b5 8. Bc2 Bb7 9. d4 e5 10. Nbd2 Be7 11. Nf1 0-0 12. Ng3 g6 13. a4 Qc7 14. Qe2 Qb6 15. d5 c4 16. h3 Rfe8 17. Nh2 h5 18. Nf3 Nc5 19. Kh2 Rad8 20. Ng5 Kg7 21. Be3 Bc8 22. Nf1 Qc7 23. Nd2 Bd7 24. axb5 Bxb5 25. Rf1 Ncd7 26. Qf3 Rh8 27. Kg1 Rde8 28. Qe2 Nh7 29. Nxh7 Kxh7 30. f3 Nc5 31. Qf2 Nb3 32. Bxb3 cxb3 33. c4 Bd7 34. Rxa6 g5 35. Rfa1 g4 36. fxg4 hxg4 37. Ra7 Qc8 38. Ra8 g3 39. Qxf7# 1-0

[Event "BRA-chT U26"]
[Site "Foz do Iguacu"]
[Date "2012.10.19"]
[Round "2"]
[White "Patroclo, Arthur Ruiz"]
[Black "De Sa, Jefferson Luis Pere"]
[Result "1-0"]
[WhiteElo "2155"]
[BlackElo "1982"]
[PlyCount "27"]
[EventDate "2012.10.18"]
[EventType "team-swiss"]
[EventRounds "7"]
[EventCountry "BRA"]
[SourceTitle "EXT 2013"]
[Source "ChessBase"]
[SourceDate "2012.11.22"]
[SourceVersion "1"]
[SourceVersionDate "2012.11.22"]
[SourceQuality "1"]

1. e4 c5 2. Nf3 d6 3. d4 cxd4 4. Nxd4 Nf6 5. Nc3 a6 6. g3 e5 7. Nde2 Be7 8. Bg2 0-0 9. h3 Nbd7 10. g4 h5 11. g5 Nh7 12. h4 g6 13. f4 exf4 14. Nxf4 1-0

[Event "Porto Alegre op"]
[Site "Porto Alegre"]
[Date "2012.09.08"]
[Round "5"]
[White "Patroclo, Arthur Ruiz"]
[Black "Van Riemsdijk, Herman Claudius"]
[Result "1-0"]
[WhiteElo "2132"]
[BlackElo "2396"]
[PlyCount "87"]
[EventDate "2012.09.06"]
[EventType "swiss"]
[EventRounds "7"]
[EventCountry "BRA"]
[SourceTitle "CBM 150 Extra"]
[Source "ChessBase"]
[SourceDate "2012.10.19"]
[SourceVersion "1"]
[SourceVersionDate "2012.10.19"]
[SourceQuality "1"]

1. e4 e5 2. Nf3 Nc6 3. Bb5 a6 4. Ba4 Nf6 5. 0-0 Be7 6. Re1 b5 7. Bb3 d6 8. c3 0-0 9. h3 Na5 10. Bc2 c5 11. d4 Qc7 12. d5 c4 13. Nbd2 Nb7 14. Nf1 Nc5 15. Ng3 g6 16. Nh2 Ne8 17. Bh6 Ng7 18. Rf1 a5 19. Kh1 b4 20. f4 exf4 21. Qd4 f6 22. Rxf4 Nd7 23. Ng4 Ne5 24. Ne3 Rf7 25. Rff1 Bf8 26. Ba4 Rb8 27. Ne2 Nh5 28. Bxf8 Rxf8 29. g4 Ng7 30. Nf4 Qb6 31. Rad1 Rf7 32. Rf2 Ba6 33. Qd2 Re7 34. Bc2 Rbe8 35. Ne6 Nd3 36. Bxd3 cxd3 37. Rxf6 bxc3 38. bxc3 Nxe6 39. dxe6 Rxe6 40. Nd5 Qd8 41. Rdf1 Bc4 42. Qh6 Bxd5 43. Rf7 Bxe4+ 44. Kh2 1-0

[Event "Porto Alegre op"]
[Site "Porto Alegre"]
[Date "2012.09.06"]
[Round "1"]
[White "Patroclo, Arthur Ruiz"]
[Black "Dornelles, Marcio Neron Camarg"]
[Result "1-0"]
[WhiteElo "2132"]
[BlackElo "1953"]
[PlyCount "61"]
[EventDate "2012.09.06"]
[EventType "swiss"]
[EventRounds "7"]
[EventCountry "BRA"]
[SourceTitle "CBM 150 Extra"]
[Source "ChessBase"]
[SourceDate "2012.10.19"]
[SourceVersion "1"]
[SourceVersionDate "2012.10.19"]
[SourceQuality "1"]

1. e4 e5 2. Nf3 Nf6 3. Nxe5 d6 4. Nf3 Nxe4 5. Nc3 Nxc3 6. dxc3 Be7 7. Bd3 Nc6 8. Be3 Bg4 9. Qd2 Ne5 10. Nxe5 dxe5 11. f3 Be6 12. 0-0-0 0-0 13. g4 c6 14. c4 Qc7 15. Rhg1 Rfd8 16. Qc3 Rd7 17. h4 Bf8 18. g5 g6 19. h5 Bg7 20. h6 Bh8 21. Be4 Rxd1+ 22. Kxd1 Rd8+ 23. Kc1 b6 24. b3 Qd7 25. Rg2 Qe7 26. Rd2 Rxd2 27. Qxd2 Qd7 28. Bxc6 Qxd2+ 29. Kxd2 f5 30. a4 Kf7 31. c5 1-0

[Event "Dois Irmaos op"]
[Site "Dois Irmaos"]
[Date "2011.12.17"]
[Round "3"]
[White "Brandt, Ladir Albano Becker"]
[Black "Patroclo, Arthur Ruiz"]
[Result "0-1"]
[WhiteElo "1812"]
[BlackElo "2136"]
[PlyCount "92"]
[EventDate "2011.12.16"]
[EventType "swiss"]
[EventRounds "6"]
[EventCountry "BRA"]
[SourceTitle "CBM 146 Extra"]
[Source "ChessBase"]
[SourceDate "2012.02.29"]
[SourceVersion "1"]
[SourceVersionDate "2012.02.29"]
[SourceQuality "1"]

1. e4 g6 2. d4 Bg7 3. Nf3 d6 4. Be2 Nf6 5. Nbd2 0-0 6. 0-0 c5 7. d5 b6 8. Rb1 Na6 9. Re1 Bb7 10. a3 Nc7 11. c4 e5 12. Bd3 Qe7 13. Nf1 Nh5 14. Ng3 Nf4 15. b4 Bc8 16. bxc5 bxc5 17. Bc2 Ba6 18. Nd2 h5 19. Ne2 Rab8 20. Bb2 Bh6 21. Nxf4 Bxf4 22. Bd3 Na8 23. g3 Bh6 24. Nb3 Nb6 25. Na5 Rbc8 26. Nc6 Qd7 27. Qe2 Rxc6 28. dxc6 Qxc6 29. Bc1 Bg7 30. f4 exf4 31. Bxf4 Re8 32. Qc2 Bb7 33. Re2 Nd7 34. Bxd6 Qxd6 35. Rxb7 Ne5 36. Re3 Qd4 37. Qf2 Bh6 38. Re2 Nxd3 39. Qxd4 cxd4 40. Rxa7 Be3+ 41. Kf1 Rxe4 42. Ra8+ Kg7 43. Rd8 Re5 44. Rxe3 Rxe3 45. Rxd4 Ne5 46. a4 Rc3 0-1

[Event "Dois Irmaos op"]
[Site "Dois Irmaos"]
[Date "2011.12.17"]
[Round "4"]
[White "Patroclo, Arthur Ruiz"]
[Black "Menna Barreto, Luiz Ney"]
[Result "0-1"]
[WhiteElo "2136"]
[BlackElo "2301"]
[PlyCount "84"]
[EventDate "2011.12.16"]
[EventType "swiss"]
[EventRounds "6"]
[EventCountry "BRA"]
[SourceTitle "CBM 146 Extra"]
[Source "ChessBase"]
[SourceDate "2012.02.29"]
[SourceVersion "1"]
[SourceVersionDate "2012.02.29"]
[SourceQuality "1"]

1. d4 Nf6 2. c4 e6 3. Nf3 d5 4. Nc3 c6 5. Qd3 b6 6. e4 Ba6 7. b3 Bb4 8. exd5 cxd5 9. Be2 Ne4 10. Bb2 Nc6 11. 0-0 Bxc3 12. Bxc3 Nxc3 13. Qxc3 Rc8 14. Rfe1 0-0 15. cxd5 Ne7 16. Qd2 Bxe2 17. Rxe2 Qxd5 18. Re5 Qc6 19. Re2 Qc3 20. Qxc3 Rxc3 21. Ne1 Rfc8 22. g3 Kf8 23. Rd1 Nd5 24. Kg2 Ke7 25. Rdd2 Rc1 26. Nd3 R1c7 27. Ne5 Rc1 28. Nd3 R1c3 29. Ne5 a5 30. Nc4 a4 31. Rb2 Rd3 32. Ne3 Nxe3+ 33. fxe3 axb3 34. axb3 Rcc3 35. Ra2 Kf6 36. Ra7 Kg5 37. Rf2 f6 38. Rf4 h5 39. Rb7 Rxb3 40. Kf2 Rd2+ 41. Kf3 f5 42. d5 Rbd3 0-1

[Event "Dois Irmaos op"]
[Site "Dois Irmaos"]
[Date "2011.12.16"]
[Round "1"]
[White "Mentges, Antonio Esidio"]
[Black "Patroclo, Arthur Ruiz"]
[Result "1/2-1/2"]
[WhiteElo "1788"]
[BlackElo "2136"]
[PlyCount "56"]
[EventDate "2011.12.16"]
[EventType "swiss"]
[EventRounds "6"]
[EventCountry "BRA"]
[SourceTitle "CBM 146 Extra"]
[Source "ChessBase"]
[SourceDate "2012.02.29"]
[SourceVersion "1"]
[SourceVersionDate "2012.02.29"]
[SourceQuality "1"]

1. e4 g6 2. Nf3 Bg7 3. d4 d6 4. Nc3 Nf6 5. Be3 h6 6. a4 0-0 7. Bd3 Nc6 8. 0-0 Ng4 9. Qd2 Nxe3 10. Qxe3 Bg4 11. Ne2 e5 12. c3 Kh8 13. dxe5 dxe5 14. Nd2 Qh4 15. Nb3 b6 16. Qg3 Qxg3 17. Nxg3 Be6 18. Bc2 h5 19. Rfe1 Bh6 20. Nf1 Rfd8 21. Rad1 Kg7 22. Ne3 Bxe3 23. fxe3 g5 24. Rxd8 Rxd8 25. Rd1 Re8 26. Nd2 f6 27. Nf3 Kf7 28. Kf2 Ke7 1/2-1/2

[Event "Porto Alegre op"]
[Site "Porto Alegre"]
[Date "2011.09.11"]
[Round "7"]
[White "Menna Barreto, Luiz Ney"]
[Black "Patroclo, Arthur Ruiz"]
[Result "0-1"]
[WhiteElo "2316"]
[BlackElo "2124"]
[PlyCount "108"]
[EventDate "2011.09.07"]
[EventType "swiss"]
[EventRounds "7"]
[EventCountry "BRA"]
[SourceTitle "CBM 144 Extra"]
[Source "ChessBase"]
[SourceDate "2011.10.28"]
[SourceVersion "1"]
[SourceVersionDate "2011.10.28"]
[SourceQuality "1"]

1. Nf3 Nf6 2. c4 g6 3. Nc3 Bg7 4. e4 0-0 5. d4 d6 6. Be2 e5 7. dxe5 dxe5 8. Qxd8 Rxd8 9. Bg5 Re8 10. 0-0-0 h6 11. Bh4 Na6 12. Ne1 c6 13. Nc2 g5 14. Bg3 Nc5 15. f3 a5 16. b3 Bf8 17. Bf2 Nh5 18. g3 Nf6 19. h3 Ne6 20. Na4 Nd7 21. h4 Rb8 22. hxg5 hxg5 23. Kb2 b5 24. cxb5 cxb5 25. Nc3 b4 26. Na4 g4 27. Rd5 gxf3 28. Bxf3 Ng5 29. Bg2 Nf6 30. Rxa5 Ngxe4 31. Be1 Bf5 32. Rh4 Bg6 33. Ra6 Rec8 34. Bxe4 Bxe4 35. Nxb4 Bxb4 36. Bxb4 Rxb4 37. Rxf6 Rc2+ 38. Ka3 Rd4 39. Nb2 Kg7 40. Rf1 Rc3 41. Rd1 f5 42. g4 f4 43. Rxd4 exd4 44. g5 Rf3 45. Nc4 Kg6 46. Nd2 Kxg5 47. Rh8 Re3 48. Re8 d3 49. Kb2 f3 50. Rg8+ Kf4 51. Rf8+ Bf5 52. Kc3 f2 53. a4 Re2 54. Nf1 d2 0-1

[Event "Lucio Rafael de Oliveira Santos 1st"]
[Site "Aracaju"]
[Date "2011.02.20"]
[Round "11"]
[White "Correia, Max do Carmo"]
[Black "Patroclo, Arthur Ruiz"]
[Result "0-1"]
[WhiteElo "1941"]
[BlackElo "2113"]
[PlyCount "100"]
[EventDate "2011.02.11"]
[EventType "tourn"]
[EventRounds "11"]
[EventCountry "BRA"]
[SourceTitle "EXT 2012"]
[Source "ChessBase"]
[SourceDate "2011.11.24"]
[SourceVersion "1"]
[SourceVersionDate "2011.11.24"]
[SourceQuality "1"]

1. e4 c5 2. Nf3 d6 3. d4 cxd4 4. Nxd4 Nf6 5. Nc3 g6 6. Bc4 Bg7 7. Be3 0-0 8. f3 Nc6 9. Qd2 Bd7 10. h4 Rc8 11. Bb3 Qa5 12. g4 Ne5 13. 0-0-0 Nc4 14. Bxc4 Rxc4 15. h5 Rfc8 16. hxg6 fxg6 17. Nb3 Qe5 18. Bd4 Qe6 19. g5 Nh5 20. Bxg7 Kxg7 21. Rh2 b5 22. a3 Qe5 23. Rdh1 Rf8 24. Qe3 a6 25. Nd5 Be6 26. Rd2 Rf7 27. Na5 Rc5 28. Rhd1 Nf4 29. Nb4 Qxg5 30. Nxa6 Rc8 31. Nb4 Qc5 32. Qxc5 Rxc5 33. Nac6 Bd7 34. Nd4 h5 35. Rg1 h4 36. Rh2 Rh5 37. Kd2 h3 38. c3 Ng2 39. Nd5 e5 40. Rf1 exd4 41. cxd4 g5 42. Rc1 Be6 43. Nc7 Bc4 44. b3 Rxc7 45. bxc4 bxc4 46. a4 Rh8 47. a5 Nf4 48. Kc3 Rb8 49. Rb2 Rxb2 50. Kxb2 Nd3+ 0-1

[Event "BRA-ch sf"]
[Site "Recife"]
[Date "2010.11.02"]
[Round "7"]
[White "Fernandes Filho, Bergson Fragoso"]
[Black "Patroclo, Arthur Ruiz"]
[Result "1-0"]
[WhiteElo "2083"]
[BlackElo "2105"]
[PlyCount "97"]
[EventDate "2010.10.30"]
[EventType "swiss"]
[EventRounds "7"]
[EventCountry "BRA"]
[SourceTitle "EXT 2011"]
[Source "ChessBase"]
[SourceDate "2010.11.26"]
[SourceVersion "1"]
[SourceVersionDate "2010.11.26"]
[SourceQuality "1"]

1. e4 c5 2. Nf3 d6 3. c3 Nf6 4. Bc4 e6 5. Qe2 Nc6 6. d4 Be7 7. 0-0 0-0 8. dxc5 dxc5 9. e5 Nd7 10. Bf4 g5 11. Bg3 Qc7 12. Re1 Kh8 13. Qe4 Rg8 14. Bd3 Nf8 15. h3 a6 16. Nbd2 b5 17. Qg4 Bb7 18. Ne4 Rd8 19. Nd6 Bxd6 20. exd6 Qd7 21. Ne5 f5 22. Qh5 Qe8 23. Qxe8 Rxe8 24. Nxc6 Bxc6 25. Be5+ Rg7 26. Bxg7+ Kxg7 27. a4 Rd8 28. axb5 axb5 29. Ra6 Bd7 30. c4 b4 31. Re5 Bc8 32. Rc6 Bb7 33. Rc7+ Kf6 34. Rexc5 Rxd6 35. Rxb7 Rxd3 36. Rxb4 Rd1+ 37. Kh2 Rd2 38. g3 Nd7 39. Rc8 Rxf2+ 40. Kg1 Rd2 41. c5 Ne5 42. Rb3 g4 43. hxg4 fxg4 44. c6 Ke7 45. Rb7+ Kf6 46. Rf8+ Kg6 47. c7 Rd1+ 48. Kf2 Rd2+ 49. Ke1 1-0

[Event "BRA-ch sf"]
[Site "Recife"]
[Date "2010.11.01"]
[Round "6"]
[White "Patroclo, Arthur Ruiz"]
[Black "De Souza, Rafael Cabral"]
[Result "1-0"]
[WhiteElo "2105"]
[BlackElo "2075"]
[PlyCount "63"]
[EventDate "2010.10.30"]
[EventType "swiss"]
[EventRounds "7"]
[EventCountry "BRA"]
[SourceTitle "EXT 2011"]
[Source "ChessBase"]
[SourceDate "2010.11.26"]
[SourceVersion "1"]
[SourceVersionDate "2010.11.26"]
[SourceQuality "1"]

1. Nf3 Nf6 2. d4 g6 3. c4 Bg7 4. Nc3 0-0 5. e4 d6 6. Be2 Nbd7 7. 0-0 c6 8. h3 e5 9. Be3 Nh5 10. Qd2 Qe8 11. g4 Nhf6 12. dxe5 dxe5 13. c5 Kh8 14. b4 Ng8 15. b5 f5 16. bxc6 bxc6 17. Qd6 Rf6 18. Qd1 f4 19. Bc1 Nxc5 20. Ba3 Bf8 21. Bb2 h5 22. g5 Rd6 23. Qc2 Bxh3 24. Nb5 Qe6 25. Nxe5 cxb5 26. Nxg6+ Kh7 27. Nxf4 Qd7 28. Qxc5 Bxf1 29. Kxf1 Rd1+ 30. Rxd1 Qxd1+ 31. Bxd1 Bxc5 32. Bxh5 1-0